| 000 | 01086nam a22002297a 4500 | ||
|---|---|---|---|
| 003 | OSt | ||
| 005 | 20250922170619.0 | ||
| 008 | 240313b ||||| |||| 00| 0 eng d | ||
| 040 | _c0 | ||
| 082 | _aDPer 621.381 In821 August 2022 v. 37 n. 8 | ||
| 100 |
_aRakluea, Chawalit. _eauthor. _954565 |
||
| 245 |
_aTrue nulls-free magnetoinductive waveguides using alternate coupling polarities for batteryless dynamic wireless power transfer applications / _cChawalit Rakluea, Apisak Worapishet, Sarawuth Chaimool, Yan Zhao, and Prayoot Akkaraekthalin. |
||
| 260 |
_aNew York ; _bThe Institute of Electrical and Electronics Engineers, Inc. , _cAugust 2022. |
||
| 300 |
_aVolume 37, pages 8835-8854 : _billustration ; _c28 cm. |
||
| 500 | _aIEEE Transitions on Power Electronics, v. 37 n. 8, pages 8835-8854, August 2022. | ||
| 700 |
_aRakluea, Chawalit. _eauthor. _954565 |
||
| 700 |
_aWorapishet, Apisak. _eauthor. _954566 |
||
| 700 |
_aChaimool, Sarawuth. _eauthor. _954567 |
||
| 700 |
_aZhao, Yan, _eauthor. _954568 |
||
| 700 |
_aAkkaraekthalin, Prayoot. _eauthor. _954569 |
||
| 942 |
_2ddc _cPER |
||
| 999 |
_c19659 _d19659 |
||